[Event "Locri op 2nd"]
[Site "Locri"]
[Date "2014.04.18"]
[Round "6"]
[White "Fracasso Pezzolato, Michele"]
[Black "Valotta, Massimiliano"]
[Result "0-1"]
[WhiteElo "1830"]
[BlackElo "1849"]
[PlyCount "62"]
[EventDate "2014.04.16"]
[EventType "swiss"]
[EventRounds "7"]
[EventCountry "ITA"]
[SourceTitle "EXT 2017"]
[Source "ChessBase"]
[SourceDate "2016.10.25"]
[SourceVersion "1"]
[SourceVersionDate "2016.10.25"]
[SourceQuality "1"]

1. e4 d6 2. d4 g6 3. Nf3 Bg7 4. Nc3 Nf6 5. Be3 0-0 6. Be2 Nbd7 7. Qd2 Ng4 8. Bg5 c5 9. 0-0 h6 10. Bh4 cxd4 11. Nxd4 Ngf6 12. Rad1 Nc5 13. f3 Qb6 14. Bf2 Qxb2 15. Rb1 Qa3 16. Ncb5 Qa4 17. Nc7 Rb8 18. Bb5 Qa3 19. Rfe1 a6 20. Bc4 Nfd7 21. Re3 Qa4 22. Bb3 Qxd4 23. Rd3 Qe5 24. Bd4 Qh5 25. g4 Bxd4+ 26. Rxd4 Nxb3 27. cxb3 Qh3 28. Rf1 Ne5 29. Qf2 Be6 30. Nd5 Bxd5 31. exd5 Rbc8 0-1

[Event "Reggio Calabria Province-ch"]
[Site "Calabria"]
[Date "2012.05.06"]
[Round "4"]
[White "Zampaglione, Davide"]
[Black "Valotta, Massimiliano"]
[Result "1-0"]
[WhiteElo "1668"]
[BlackElo "1842"]
[PlyCount "45"]
[EventDate "2012.05.04"]
[EventType "swiss"]
[EventRounds "5"]
[EventCountry "ITA"]
[SourceTitle "EXT 2014"]
[Source "ChessBase"]
[SourceDate "2013.11.20"]
[SourceVersion "1"]
[SourceVersionDate "2013.11.20"]
[SourceQuality "1"]

1. d4 d5 2. Nf3 c5 3. e3 Nf6 4. c3 e6 5. Bd3 Nc6 6. 0-0 Bd6 7. Nbd2 e5 8. Nxe5 Nxe5 9. dxe5 Bxe5 10. e4 dxe4 11. Nxe4 Bxh2+ 12. Kxh2 Ng4+ 13. Kg1 Qc7 14. Bb5+ Ke7 15. g3 Rd8 16. Qe2 Kf8 17. Bf4 Qb6 18. Rfd1 Be6 19. Rxd8+ Rxd8 20. Rd1 Rxd1+ 21. Qxd1 Qxb5 22. Qd8+ Qe8 23. Bd6+ 1-0

[Event "Costa Viola op-B 5th"]
[Site "Palmi"]
[Date "2012.01.06"]
[Round "8"]
[White "Valotta, Massimiliano"]
[Black "Della Rocca, Giorgio"]
[Result "0-1"]
[WhiteElo "1852"]
[BlackElo "1855"]
[PlyCount "78"]
[EventDate "2012.01.02"]
[EventType "swiss"]
[EventRounds "8"]
[EventCountry "ITA"]
[SourceTitle "EXT 2023"]
[Source "ChessBase"]
[SourceDate "2022.10.05"]
[SourceVersion "1"]
[SourceVersionDate "2022.10.05"]
[SourceQuality "1"]

1. d4 Nf6 2. c4 g6 3. Nc3 Bg7 4. e4 d6 5. f4 0-0 6. Nf3 c5 7. d5 e6 8. Bd3 exd5 9. cxd5 Re8 10. 0-0 c4 11. Bc2 a6 12. a4 Nbd7 13. Be3 Qa5 14. Bd4 Nc5 15. Re1 Bg4 16. h3 Bxf3 17. Qxf3 Nb3 18. Bxb3 cxb3 19. Rad1 Rac8 20. Kh1 Rc4 21. Qd3 Qb4 22. g4 Nxg4 23. e5 Nh6 24. a5 Nf5 25. Bb6 Rxf4 26. e6 Qc4 27. Ne4 Qxd3 28. Rxd3 fxe6 29. Ng5 e5 30. Rxb3 Bh6 31. Ne6 Rc4 32. Bc7 e4 33. Rxb7 Rc2 34. Rb6 Be3 35. Rxe3 Nxe3 36. Bxd6 Nxd5 37. Nd4 Rc1+ 38. Kg2 Nxb6 39. axb6 Rd1 0-1

[Event "Costa Viola op-B 5th"]
[Site "Palmi"]
[Date "2012.01.04"]
[Round "5"]
[White "Greco, Simone"]
[Black "Valotta, Massimiliano"]
[Result "1/2-1/2"]
[WhiteElo "1629"]
[BlackElo "1852"]
[PlyCount "120"]
[EventDate "2012.01.02"]
[EventType "swiss"]
[EventRounds "8"]
[EventCountry "ITA"]
[SourceTitle "EXT 2023"]
[Source "ChessBase"]
[SourceDate "2022.10.05"]
[SourceVersion "1"]
[SourceVersionDate "2022.10.05"]
[SourceQuality "1"]

1. e4 c5 2. Nc3 g6 3. g3 Bg7 4. Bg2 d6 5. Nge2 Nc6 6. d3 Nf6 7. 0-0 0-0 8. h3 e5 9. Be3 Be6 10. Qd2 Qd7 11. Kh2 Nd4 12. f4 Nh5 13. f5 gxf5 14. exf5 Nxf5 15. g4 Nxe3 16. Qxe3 Nf4 17. Nxf4 exf4 18. Qe1 Rae8 19. Qh4 Qe7 20. g5 h6 21. Ne4 f5 22. gxf6 Bxf6 23. Qxh6 Be5 24. Bf3 Qh7 25. Rg1+ Kh8 26. Rg6 Qxh6 27. Rxh6+ Kg7 28. Rh5 Rh8 29. Rg1+ Kf7 30. Ng5+ Ke7 31. Nxe6 Kxe6 32. Rg6+ Kf7 33. Rhg5 b6 34. Bd5+ Ke7 35. Kg2 Ref8 36. Re6+ Kd7 37. c3 f3+ 38. Kf2 Rxh3 39. Reg6 Rh2+ 40. Kf1 f2 41. Rg8 Rxg8 42. Rxg8 Rh3 43. Be4 Ke6 44. Kxf2 d5 45. Bf3 Rh2+ 46. Rg2 Bf4 47. Rxh2 Bxh2 48. Bg4+ Ke5 49. Kf3 c4 50. d4+ Kd6 51. Ke2 a5 52. a4 Ke7 53. Kd1 Bg1 54. Ke2 Kf6 55. Kf3 Bh2 56. Ke2 Bg3 57. Kd1 Ke7 58. Kc2 Kd6 59. Kd1 Bf4 60. Kc2 Kc6 1/2-1/2

[Event "Amantea op-B 9th"]
[Site "Amantea"]
[Date "2011.09.08"]
[Round "5"]
[White "Valotta, Massimiliano"]
[Black "Serratore, Vincenzo"]
[Result "1/2-1/2"]
[WhiteElo "1855"]
[BlackElo "1859"]
[PlyCount "105"]
[EventDate "2011.09.04"]
[EventType "swiss"]
[EventRounds "8"]
[EventCountry "ITA"]
[SourceTitle "EXT 2014"]
[Source "ChessBase"]
[SourceDate "2013.11.20"]
[SourceVersion "1"]
[SourceVersionDate "2013.11.20"]
[SourceQuality "1"]

1. d4 d5 2. c4 e6 3. e3 Nf6 4. Bd3 c6 5. Ne2 Bd6 6. f4 Ng4 7. 0-0 f5 8. Qe1 Qe7 9. h3 Nf6 10. c5 Bc7 11. Qh4 Nbd7 12. b4 a6 13. a4 Nf8 14. Nbc3 Ng6 15. Qf2 Bd7 16. a5 Qf7 17. Bb2 h6 18. g3 Ne7 19. Na4 Rd8 20. Rfe1 g5 21. Kf1 Qh5 22. Ng1 Ne4 23. Bxe4 fxe4 24. Nb6 Qg6 25. Ke2 Rf8 26. Kd2 Nf5 27. Ne2 Ke7 28. Rg1 Rf6 29. h4 Rdf8 30. Qh2 Qh5 31. Rh1 gxf4 32. gxf4 Rg6 33. Rag1 Rfg8 34. Rxg6 Rxg6 35. Rg1 Nxh4 36. Kc2 Rxg1 37. Nxg1 Qg4 38. Qh3 h5 39. Nxd7 Kxd7 40. Qxg4 hxg4 41. Ne2 Bd8 42. Ng3 Nf5 43. Nxf5 exf5 44. Kd2 Bh4 45. Ke2 Ke7 46. Bc3 Kf6 47. Kf1 Kg6 48. Kg2 Kh5 49. Bd2 g3 50. Kh3 g2 51. Kxg2 Kg4 52. Bc3 Bg3 53. Bd2 1/2-1/2

[Event "Amantea op-B 9th"]
[Site "Amantea"]
[Date "2011.09.06"]
[Round "3"]
[White "Valotta, Massimiliano"]
[Black "Catapano, Francesco"]
[Result "1-0"]
[WhiteElo "1855"]
[BlackElo "1787"]
[PlyCount "97"]
[EventDate "2011.09.04"]
[EventType "swiss"]
[EventRounds "8"]
[EventCountry "ITA"]
[SourceTitle "EXT 2014"]
[Source "ChessBase"]
[SourceDate "2013.11.20"]
[SourceVersion "1"]
[SourceVersionDate "2013.11.20"]
[SourceQuality "1"]

1. d4 Nf6 2. c4 g6 3. f4 d6 4. Nf3 Bg7 5. Nc3 0-0 6. e3 c5 7. Bd3 cxd4 8. exd4 e6 9. 0-0 a6 10. Bd2 Qc7 11. Rc1 Nc6 12. Ne2 Bd7 13. b4 Ne7 14. a4 Rfc8 15. Qb3 Qd8 16. Kh1 Bc6 17. Be3 Be4 18. Ng3 Bxd3 19. Qxd3 Nc6 20. Qb3 Ng4 21. Bg1 Qf6 22. Ne2 Qe7 23. Rfe1 Nf6 24. Ng3 d5 25. c5 Qd7 26. Ne5 Qc7 27. b5 axb5 28. axb5 Na5 29. Qb4 Nd7 30. Ra1 Nxe5 31. fxe5 Nc4 32. Ne4 Rxa1 33. Rxa1 Nxe5 34. Nd6 Nd3 35. Qa3 Rd8 36. Qxd3 b6 37. Ra6 Bf8 38. Rxb6 Bxd6 39. Rxd6 Rxd6 40. cxd6 Qxd6 41. h3 Qb4 42. Bf2 Kf8 43. Bg3 Ke7 44. Bc7 Kd7 45. b6 h5 46. Qf3 Ke7 47. Qf4 Qb1+ 48. Kh2 Ke8 49. Qd6 1-0

[Event "Praia op 3rd"]
[Site "Praia a Mare"]
[Date "2011.04.22"]
[Round "5"]
[White "Cordi, Domenico"]
[Black "Valotta, Massimiliano"]
[Result "1/2-1/2"]
[WhiteElo "2042"]
[BlackElo "1856"]
[PlyCount "100"]
[EventDate "2011.04.20"]
[EventType "swiss"]
[EventRounds "5"]
[EventCountry "ITA"]
[SourceTitle "EXT 2023"]
[Source "ChessBase"]
[SourceDate "2022.10.05"]
[SourceVersion "1"]
[SourceVersionDate "2022.10.05"]
[SourceQuality "1"]

1. Nf3 c5 2. c4 g6 3. g3 Bg7 4. Bg2 Nc6 5. 0-0 d6 6. Nc3 e6 7. d3 Nge7 8. Bg5 h6 9. Bd2 0-0 10. Rb1 d5 11. cxd5 exd5 12. a3 Be6 13. b4 b6 14. bxc5 bxc5 15. Qc1 Kh7 16. Na4 c4 17. dxc4 dxc4 18. Nc5 Bf5 19. e4 Bg4 20. Bc3 Bxc3 21. Qxc3 Bxf3 22. Bxf3 Qd4 23. Na4 Qxc3 24. Nxc3 Nd4 25. Bg2 Rab8 26. Rfd1 Rxb1 27. Rxb1 Nec6 28. f4 Rd8 29. Rb7 Rb8 30. Rxb8 Nxb8 31. e5 Nc2 32. a4 Nd7 33. Kf2 Kg7 34. Be4 Nb4 35. Ke3 f5 36. exf6+ Kxf6 37. Kd4 g5 38. Kxc4 Na6 39. Bc6 Nb6+ 40. Kd4 gxf4 41. gxf4 Kf5 42. a5 Nb8 43. Be4+ Kxf4 44. axb6 axb6 45. Nd5+ Kg4 46. Bg2 Nd7 47. Ne3+ Kf4 48. Bh3 Nf6 49. Be6 h5 50. h3 Nh7 1/2-1/2

[Event "Amantea op-B 8th"]
[Site "Amantea"]
[Date "2010.09.03"]
[Round "6"]
[White "Pelyushenko, Vladyslav"]
[Black "Valotta, Massimiliano"]
[Result "0-1"]
[WhiteElo "1771"]
[BlackElo "1863"]
[PlyCount "136"]
[EventDate "2010.08.29"]
[EventType "swiss"]
[EventRounds "9"]
[EventCountry "ITA"]
[SourceTitle "CBM 138 Extra"]
[Source "ChessBase"]
[SourceDate "2010.10.29"]
[SourceVersion "1"]
[SourceVersionDate "2010.10.29"]
[SourceQuality "1"]

1. d4 e6 2. c4 c5 3. d5 d6 4. Nc3 Nf6 5. Nf3 Be7 6. e4 exd5 7. cxd5 Nbd7 8. Be2 0-0 9. 0-0 Ng4 10. h3 Nge5 11. Nxe5 dxe5 12. Be3 Bg5 13. Qd2 Bxe3 14. Qxe3 b6 15. Rad1 a6 16. Qg3 Qf6 17. f4 b5 18. f5 Nb6 19. a3 Bd7 20. Rc1 Rac8 21. Nd1 c4 22. Ne3 Na4 23. Ng4 Qb6+ 24. Kh1 f6 25. b3 cxb3 26. Qxb3 Qd4 27. Qg3 Kh8 28. Qe3 Rc3 29. Rxc3 Nxc3 30. Qxd4 exd4 31. Bf3 Re8 32. Nf2 a5 33. Re1 Bxf5 34. g4 Bd7 35. Nd3 h5 36. Nc5 hxg4 37. hxg4 Bc8 38. Rg1 Kg8 39. g5 f5 40. exf5 Bxf5 41. Nb3 d3 42. Nxa5 Re3 43. Kg2 Be4 44. Bxe4 Nxe4 45. Nb3 d2 46. Nxd2 Nxd2 47. Rc1 Rxa3 48. g6 Nc4 49. Re1 Re3 50. Rb1 Re2+ 51. Kg3 Re5 52. Rxb5 Rg5+ 53. Kf4 Rxg6 54. Rc5 Rf6+ 55. Ke4 Nd6+ 56. Ke5 Nf7+ 57. Ke4 g5 58. Rc6 Kg7 59. Re6 Kg6 60. Rc6 Rxc6 61. dxc6 Nd6+ 62. Ke5 Nc8 63. Ke4 Kf6 64. c7 Ne7 65. Kf3 Kf5 66. Kf2 Kf4 67. Kf1 Kf3 68. Kg1 g4 0-1

[Event "Amantea op-B 8th"]
[Site "Amantea"]
[Date "2010.09.02"]
[Round "5"]
[White "Valotta, Massimiliano"]
[Black "Carbone, Edoardo"]
[Result "1-0"]
[WhiteElo "1863"]
[BlackElo "1614"]
[PlyCount "83"]
[EventDate "2010.08.29"]
[EventType "swiss"]
[EventRounds "9"]
[EventCountry "ITA"]
[SourceTitle "CBM 138 Extra"]
[Source "ChessBase"]
[SourceDate "2010.10.29"]
[SourceVersion "1"]
[SourceVersionDate "2010.10.29"]
[SourceQuality "1"]

1. d4 Nf6 2. c4 e6 3. Nc3 Bb4 4. Qb3 Bxc3+ 5. Qxc3 b6 6. e3 Bb7 7. f3 0-0 8. Bd3 d5 9. b3 Nbd7 10. Ne2 Re8 11. 0-0 c5 12. Bb2 Rc8 13. Rfd1 cxd4 14. Nxd4 Nc5 15. Be2 a6 16. g4 h6 17. a4 Qc7 18. Rac1 dxc4 19. Bxc4 Qb8 20. e4 Qf4 21. Ne2 Qg5 22. Qd2 Rcd8 23. Qxg5 hxg5 24. Bxf6 gxf6 25. Ng3 Kg7 26. Kf2 a5 27. Ke3 Kg6 28. Rxd8 Rxd8 29. Rc2 Rd1 30. Rd2 Rxd2 31. Kxd2 Bc8 32. Kc3 e5 33. Bb5 Be6 34. Bc4 Bd7 35. Nf5 Be6 36. Ne7+ Kg7 37. Nd5 Bxd5 38. Bxd5 Kf8 39. Kc4 Ke7 40. Kb5 Nd3 41. Bc4 Ne1 42. Be2 1-0

[Event "Costa Viola op 3rd"]
[Site "St Eufemia d'Aspromonte"]
[Date "2010.01.05"]
[Round "7"]
[White "Valotta, Massimiliano"]
[Black "Carlomagno, Vincenzo"]
[Result "1/2-1/2"]
[WhiteElo "1876"]
[BlackElo "1864"]
[PlyCount "51"]
[EventDate "2010.01.02"]
[EventType "swiss"]
[EventRounds "7"]
[EventCountry "ITA"]
[SourceTitle "EXT 2011"]
[Source "ChessBase"]
[SourceDate "2010.11.26"]
[SourceVersion "1"]
[SourceVersionDate "2010.11.26"]
[SourceQuality "1"]

1. d4 Nf6 2. c4 e6 3. Nf3 b6 4. e3 Bb7 5. Be2 Bb4+ 6. Bd2 Be7 7. Bc3 0-0 8. Nbd2 c5 9. 0-0 d6 10. Qc2 Nbd7 11. Rad1 Rc8 12. b3 Qc7 13. e4 cxd4 14. Nxd4 Ne5 15. Bf3 a6 16. Ne2 Ned7 17. Qb2 Ne5 18. Bxe5 dxe5 19. Ng3 Rfd8 20. Nb1 Bc5 21. Qe2 Bd4 22. Na3 g6 23. Nc2 Bc5 24. Rxd8+ Rxd8 25. Rd1 Rxd1+ 26. Qxd1 1/2-1/2

[Event "Costa Viola op 3rd"]
[Site "St Eufemia d'Aspromonte"]
[Date "2010.01.04"]
[Round "5"]
[White "Valotta, Massimiliano"]
[Black "Russo, Carmelo"]
[Result "1/2-1/2"]
[WhiteElo "1876"]
[BlackElo "1731"]
[PlyCount "99"]
[EventDate "2010.01.02"]
[EventType "swiss"]
[EventRounds "7"]
[EventCountry "ITA"]
[SourceTitle "EXT 2011"]
[Source "ChessBase"]
[SourceDate "2010.11.26"]
[SourceVersion "1"]
[SourceVersionDate "2010.11.26"]
[SourceQuality "1"]

1. d4 Nf6 2. c4 g6 3. Nc3 d5 4. cxd5 Nxd5 5. e4 Nxc3 6. bxc3 Bg7 7. Bc4 0-0 8. Ne2 c5 9. Be3 Qa5 10. 0-0 cxd4 11. cxd4 Nc6 12. Qb3 Qd8 13. Rfd1 Na5 14. Qb4 Nxc4 15. Qxc4 b6 16. Rac1 Bb7 17. Qc7 Bxe4 18. d5 Bxd5 19. Nf4 Qxc7 20. Rxc7 Bxa2 21. Rxe7 Rfd8 22. Red7 Rxd7 23. Rxd7 Bc4 24. Rc7 Bb3 25. g3 Kf8 26. h4 Be5 27. Rc1 Rd8 28. Kg2 Bd4 29. Bd2 Bc5 30. Bc3 Rd1 31. Rxd1 Bxd1 32. Nd3 h5 33. Nxc5 bxc5 34. Kf1 c4 35. Ke1 Bg4 36. Kd2 Ke8 37. Bd4 a6 38. Kc3 Be6 39. Kb4 Kd8 40. Ka5 Kc7 41. Kxa6 Kc6 42. Ka5 Kd5 43. Bc3 Ke4 44. Kb4 f5 45. Bd2 Kd3 46. Be3 Ke2 47. Kc3 Kf3 48. Kd4 Bf7 49. Kc3 Ke4 50. Bf4 1/2-1/2

[Event "Locri Province-ch"]
[Site "Locri"]
[Date "2009.02.21"]
[Round "2"]
[White "Valotta, Massimiliano"]
[Black "Zampaglione, Davide"]
[Result "1-0"]
[WhiteElo "1889"]
[BlackElo "1572"]
[PlyCount "65"]
[EventDate "2009.02.20"]
[EventType "swiss"]
[EventRounds "5"]
[EventCountry "ITA"]
[SourceTitle "EXT 2011"]
[Source "ChessBase"]
[SourceDate "2010.11.26"]
[SourceVersion "1"]
[SourceVersionDate "2010.11.26"]
[SourceQuality "1"]

1. d4 d5 2. c4 Nf6 3. Nf3 e6 4. e3 c6 5. Be2 Nbd7 6. 0-0 Be7 7. Nc3 0-0 8. b3 b6 9. Qc2 Bb7 10. Bb2 Rc8 11. Rad1 Qc7 12. Rfe1 Rfe8 13. e4 dxe4 14. Nxe4 Nxe4 15. Qxe4 c5 16. Qg4 Nf6 17. Qh3 Rcd8 18. Bd3 Bxf3 19. gxf3 cxd4 20. Kh1 Bb4 21. Rg1 Bc3 22. Bc1 Bb4 23. Bg5 Kf8 24. Bxh7 Nxh7 25. Qxh7 f6 26. Bxf6 Qf7 27. Qh8+ Qg8 28. Bxg7+ Kf7 29. Qh5+ Ke7 30. Qg5+ Kd6 31. Qe5+ Kd7 32. Qb5+ Kc8 33. Qc6+ 1-0

[Event "Bagnara Calabra op 1st"]
[Site "Bagnara Calabra"]
[Date "2008.01.04"]
[Round "3"]
[White "Ljubisavljevic, Zivojin Z"]
[Black "Valotta, Massimiliano"]
[Result "1-0"]
[WhiteElo "2272"]
[BlackElo "1906"]
[PlyCount "88"]
[EventDate "2008.01.02"]
[EventType "swiss"]
[EventRounds "7"]
[EventCountry "ITA"]
[SourceTitle "CBM 122 Extra"]
[Source "ChessBase"]
[SourceDate "2008.03.04"]
[SourceVersion "1"]
[SourceVersionDate "2008.03.04"]
[SourceQuality "1"]

1. e4 e5 2. Nf3 Nf6 3. Nc3 d6 4. Bc4 Be6 5. Bb3 Nbd7 6. d4 exd4 7. Nxd4 Nc5 8. Qe2 Bg4 9. f3 Be6 10. Be3 a6 11. Nxe6 Nxe6 12. 0-0-0 Nd7 13. Bxe6 fxe6 14. Qc4 e5 15. h4 h6 16. g4 c6 17. g5 Qe7 18. Rhg1 Qf7 19. Qxf7+ Kxf7 20. f4 hxg5 21. hxg5 g6 22. f5 Rh3 23. Bd2 gxf5 24. exf5 d5 25. Rh1 Rxh1 26. Rxh1 Kg7 27. Ne2 Bc5 28. f6+ Kf7 29. Ng3 e4 30. Bf4 Nf8 31. Nf5 Kg6 32. Nh4+ Kh5 33. Kd2 Ng6 34. Nxg6+ Kxg6 35. Ke2 b6 36. c3 a5 37. b3 b5 38. a4 Ra7 39. Rh8 Kf5 40. Bd2 bxa4 41. bxa4 d4 42. cxd4 Bxd4 43. Rh4 c5 44. Rf4+ Kg6 1-0

[Event "Bagnara Calabra op 1st"]
[Site "Bagnara Calabra"]
[Date "2008.01.04"]
[Round "4"]
[White "Valotta, Massimiliano"]
[Black "Scerbo, Antonio"]
[Result "0-1"]
[WhiteElo "1906"]
[BlackElo "2098"]
[PlyCount "52"]
[EventDate "2008.01.02"]
[EventType "swiss"]
[EventRounds "7"]
[EventCountry "ITA"]
[SourceTitle "CBM 122 Extra"]
[Source "ChessBase"]
[SourceDate "2008.03.04"]
[SourceVersion "1"]
[SourceVersionDate "2008.03.04"]
[SourceQuality "1"]

1. e4 c5 2. Nf3 Nc6 3. a3 e6 4. g3 d5 5. e5 Qc7 6. Qe2 Nge7 7. d3 Ng6 8. Bf4 f6 9. exf6 Nxf4 10. fxg7 Bxg7 11. gxf4 Qxf4 12. Nc3 0-0 13. Bg2 Bd7 14. Qe3 Qg4 15. Qg5 Qxg5 16. Nxg5 Nd4 17. Rc1 Rf5 18. h4 Raf8 19. Rf1 Rf4 20. a4 Rxh4 21. Nxd5 Rg4 22. Ne7+ Kh8 23. Nxh7 Rxg2 24. Rh1 Rfxf2 25. Nf8+ Rh2 26. Nfg6+ Kh7 0-1

[Event "Bagnara Calabra op 1st"]
[Site "Bagnara Calabra"]
[Date "2008.01.03"]
[Round "2"]
[White "Valotta, Massimiliano"]
[Black "Blasco, Domenico"]
[Result "1-0"]
[WhiteElo "1906"]
[BlackElo "2022"]
[PlyCount "115"]
[EventDate "2008.01.02"]
[EventType "swiss"]
[EventRounds "7"]
[EventCountry "ITA"]
[SourceTitle "CBM 122 Extra"]
[Source "ChessBase"]
[SourceDate "2008.03.04"]
[SourceVersion "1"]
[SourceVersionDate "2008.03.04"]
[SourceQuality "1"]

1. d4 Nf6 2. c4 c5 3. e3 g6 4. Nf3 Bg7 5. Bd3 0-0 6. Nc3 cxd4 7. exd4 d5 8. h3 Nc6 9. a3 a6 10. 0-0 h6 11. Be3 Be6 12. b3 Rc8 13. Qd2 Kh7 14. c5 Nh5 15. g4 Nf6 16. g5 Ne4 17. Nxe4 dxe4 18. Bxe4 Bxh3 19. gxh6 Qd7 20. Ng5+ Kg8 21. Nxh3 Bxd4 22. Ng5 Qg4+ 23. Bg2 Bxa1 24. Rxa1 Rcd8 25. h7+ Kg7 26. Qc3+ e5 27. f3 Qf5 28. Bh3 Qd3 29. Rc1 Qxc3 30. Rxc3 Nd4 31. Bxd4 Rxd4 32. c6 bxc6 33. Rxc6 Kh6 34. h8Q+ Rxh8 35. Nxf7+ Kg7 36. Nxh8 Kxh8 37. Rxg6 Rd3 38. Bg2 Rxb3 39. Rxa6 Kg7 40. a4 Kf7 41. a5 Ke7 42. Ra7+ Kd6 43. Kf2 Kc5 44. a6 Ra3 45. Bf1 Kb6 46. Re7 Ra5 47. Ke3 Kc6 48. Ke4 Kd6 49. Rb7 Ra4+ 50. Ke3 Ra3+ 51. Bd3 Kc6 52. Rh7 Kc5 53. Ke4 Kb4 54. Re7 Kc5 55. Rxe5+ Kb6 56. Rb5+ Ka7 57. Rb7+ Ka8 58. f4 1-0

[Event "Bagnara Calabra op 1st"]
[Site "Bagnara Calabra"]
[Date "2008.01.02"]
[Round "1"]
[White "Sabia, Corrado"]
[Black "Valotta, Massimiliano"]
[Result "1-0"]
[WhiteElo "2174"]
[BlackElo "1906"]
[PlyCount "47"]
[EventDate "2008.01.02"]
[EventType "swiss"]
[EventRounds "7"]
[EventCountry "ITA"]
[SourceTitle "CBM 122 Extra"]
[Source "ChessBase"]
[SourceDate "2008.03.04"]
[SourceVersion "1"]
[SourceVersionDate "2008.03.04"]
[SourceQuality "1"]

1. e4 c6 2. d4 d5 3. exd5 cxd5 4. c4 Nc6 5. Nc3 Nf6 6. Bg5 Qb6 7. cxd5 Nxd5 8. Nxd5 Qa5+ 9. Nc3 Qxg5 10. Nf3 Qf4 11. d5 Ne5 12. Bb5+ Bd7 13. Bxd7+ Nxd7 14. 0-0 0-0-0 15. Rc1 Kb8 16. Qb3 Nb6 17. Rfd1 g5 18. a4 Bg7 19. a5 Na8 20. Na4 Rd7 21. Nc5 Rc7 22. Na6+ Kc8 23. Nxc7 Nxc7 24. Rc4 1-0

[Event "Locri op 1st"]
[Site "Locri"]
[Date "2007.11.04"]
[Round "7"]
[White "Piankov, Evgenij"]
[Black "Valotta, Massimiliano"]
[Result "1-0"]
[WhiteElo "2346"]
[BlackElo "1908"]
[PlyCount "79"]
[EventDate "2007.11.01"]
[EventType "swiss"]
[EventRounds "7"]
[EventCountry "ITA"]
[SourceTitle "EXT 2010"]
[Source "ChessBase"]
[SourceDate "2010.11.25"]
[SourceVersion "1"]
[SourceVersionDate "2010.11.25"]
[SourceQuality "1"]

1. d4 c6 2. Nf3 Nf6 3. Bg5 d5 4. Bxf6 exf6 5. e3 b5 6. Bd3 f5 7. a4 Qa5+ 8. c3 b4 9. 0-0 Ba6 10. Ne5 Bxd3 11. Qxd3 f6 12. Nf3 g6 13. Nbd2 Qa6 14. c4 Nd7 15. Qb3 Nb6 16. c5 Nd7 17. Qxb4 Rb8 18. Qc3 Be7 19. Rfb1 Kf7 20. b4 h5 21. b5 Qc8 22. h3 h4 23. Qa5 Bd8 24. Qc3 g5 25. bxc6 Rxb1+ 26. Rxb1 Qxc6 27. Qb3 g4 28. Ne1 Ba5 29. Qc2 Rg8 30. hxg4 fxg4 31. Nf1 Rg7 32. Nd3 Nb6 33. Nf4 Nc4 34. Qf5 h3 35. Qh5+ Ke7 36. Ng3 h2+ 37. Kxh2 Bc7 38. Nf5+ Kf8 39. Qh8+ Rg8 40. Qxg8+ 1-0

[Event "Locri op 1st"]
[Site "Locri"]
[Date "2007.11.01"]
[Round "1"]
[White "Djuric, Stefan"]
[Black "Valotta, Massimiliano"]
[Result "1-0"]
[WhiteElo "2463"]
[BlackElo "1908"]
[PlyCount "29"]
[EventDate "2007.11.01"]
[EventType "swiss"]
[EventRounds "7"]
[EventCountry "ITA"]
[SourceTitle "EXT 2010"]
[Source "ChessBase"]
[SourceDate "2010.11.25"]
[SourceVersion "1"]
[SourceVersionDate "2010.11.25"]
[SourceQuality "1"]

1. e4 c6 2. Nc3 e5 3. Nf3 d6 4. d4 exd4 5. Qxd4 c5 6. Bb5+ Nc6 7. Qd3 a6 8. Bxc6+ bxc6 9. Bf4 Be6 10. 0-0-0 c4 11. Qe3 Nf6 12. Ng5 Be7 13. Nxe6 fxe6 14. e5 Ng4 15. Qg3 1-0

[Event "Calabria Province-ch"]
[Site "San Fili"]
[Date "2007.06.09"]
[Round "2"]
[White "Coristo, Giovanni"]
[Black "Valotta, Massimiliano"]
[Result "0-1"]
[WhiteElo "1843"]
[BlackElo "1889"]
[PlyCount "54"]
[EventDate "2007.06.08"]
[EventType "swiss"]
[EventRounds "5"]
[EventCountry "ITA"]
[SourceTitle "EXT 2010"]
[Source "ChessBase"]
[SourceDate "2010.11.25"]
[SourceVersion "1"]
[SourceVersionDate "2010.11.25"]
[SourceQuality "1"]

1. e4 c6 2. Nc3 d5 3. Qf3 d4 4. Na4 b5 5. Nc5 e5 6. Nd3 f6 7. b4 a5 8. c3 dxc3 9. dxc3 axb4 10. cxb4 Be6 11. a3 Qd4 12. Bb2 Bxb4+ 13. Ke2 Bc3 14. Bxc3 Qxc3 15. Rc1 Qxa3 16. Qe3 Bc4 17. Kf3 Ne7 18. Kg3 0-0 19. Nf3 f5 20. Qc5 fxe4 21. Rxc4 bxc4 22. Qxc4+ Kh8 23. Qxe4 Nf5+ 24. Kh3 Qd6 25. Ndxe5 Nd7 26. Be2 Nc5 27. Qc4 Qh6+ 0-1

[Event "Calabria Province-ch"]
[Site "San Fili"]
[Date "2007.06.09"]
[Round "3"]
[White "Valotta, Massimiliano"]
[Black "Magli, Francesco"]
[Result "1-0"]
[WhiteElo "1889"]
[BlackElo "1479"]
[PlyCount "35"]
[EventDate "2007.06.08"]
[EventType "swiss"]
[EventRounds "5"]
[EventCountry "ITA"]
[SourceTitle "EXT 2010"]
[Source "ChessBase"]
[SourceDate "2010.11.25"]
[SourceVersion "1"]
[SourceVersionDate "2010.11.25"]
[SourceQuality "1"]

1. d4 f5 2. Nc3 e6 3. Nf3 Nf6 4. Bg5 d6 5. Qd2 h6 6. Bxf6 Qxf6 7. 0-0-0 Nc6 8. e4 e5 9. Nd5 Qf7 10. dxe5 fxe4 11. exd6 Bxd6 12. Ne1 0-0 13. Bc4 Be6 14. Qc3 Be5 15. Qe3 Rad8 16. Qxe4 Rd6 17. Nf3 Qf4+ 18. Nxf4 1-0

[Event "Cutro op-A 13th"]
[Site "Cutro"]
[Date "2007.04.30"]
[Round "8"]
[White "Agrest, Svetlana"]
[Black "Valotta, Massimiliano"]
[Result "1-0"]
[WhiteElo "2257"]
[BlackElo "1889"]
[PlyCount "93"]
[EventDate "2007.04.23"]
[EventType "swiss"]
[EventRounds "9"]
[EventCountry "ITA"]
[SourceTitle "CBM 118 Extra"]
[Source "ChessBase"]
[SourceDate "2007.07.04"]
[SourceVersion "1"]
[SourceVersionDate "2007.07.04"]
[SourceQuality "1"]

1. e4 c6 2. d4 d5 3. exd5 cxd5 4. Bd3 Nf6 5. h3 Nc6 6. c3 e5 7. dxe5 Nxe5 8. Qe2 Qe7 9. Bc2 Nc6 10. Qxe7+ Bxe7 11. Nf3 Be6 12. Be3 b5 13. 0-0 0-0 14. Nbd2 b4 15. Ba4 Rfc8 16. Bxc6 Rxc6 17. Nd4 Rcc8 18. cxb4 Bxb4 19. N2f3 h6 20. a3 Bf8 21. b4 a6 22. Rfb1 Ne4 23. Ne5 g5 24. Nec6 Bd7 25. Rc1 Nd6 26. a4 Nc4 27. b5 Kh7 28. Rab1 Ba3 29. Rc3 axb5 30. axb5 Bd6 31. g4 Na3 32. Rbc1 Nc4 33. Rb1 Na3 34. Rd1 Nc4 35. Nf5 Bxc6 36. Nxd6 Nxd6 37. bxc6 Ne4 38. Rc2 Ra6 39. c7 Rd6 40. Rb1 Rd7 41. f3 Nd6 42. Rd1 Nb5 43. Bb6 d4 44. Rc5 Na3 45. Rd3 Rd6 46. Ba5 Ra6 47. Rxa3 1-0